Ndp. Ján Vojtaššák, spišský biskup

Bibliographic Details
Main Author: Alexy, Janko, 1894-1970 (Author)
Format: Article
Language:Slovak
Subjects:

MARC

LEADER 00000nab a22000001a 4500
001 vtls008987232
003 SK-MaSNL
005 20260304174624.0
008 060423d1926 xo |r|p|||| |000 b|slo
015 |a SNBRRBVU1918-1938 
038 |a SNKBUCL 
040 |a SNKBUVU  |b slo  |c SNKBUCL  |e AACR2 
041 0 |a slo 
044 |a xo  |c SK 
080 |a 75.051:7.021.32  |2 1997 
100 1 |a Alexy, Janko,  |d 1894-1970  |4 aut  |9 103027 
245 1 0 |a Ndp. Ján Vojtaššák, spišský biskup  |c Janko Alexy 
600 1 7 |a Vojtaššák, Ján,  |d 1877-1965  |2 snkbucl  |9 38540 
650 0 7 |a slovenské maliarstvo  |2 MM  |9 3124 
650 0 7 |a portréty  |2 MM  |9 2975 
650 0 7 |a olejomaľba  |2 snkbucl  |9 30054 
655 7 |a reprodukcie výtvarných diel  |2 MM  |9 310790 
773 0 |t Tatranský orol  |g Roč. 7, č. 6-7 (1926), s. 128 
852 |a SNK  |b KIS3GCP 
910 |a snkrbvumm 
958 |a VY 
999 |c 3009708  |d 3011638